आधुनिक महाराष्ट्राची जडणघडण शिल्पकार चरित्रकोश खंड ४: न्यायपालिका, प्रशासन आणि संरक्षण (Record no. 370787)
[ view plain ]
| 000 -LEADER | |
|---|---|
| fixed length control field | 00478 a2200109 4500 |
| 005 - DATE AND TIME OF LATEST TRANSACTION | |
| control field | 20260327132628.0 |
| 100 ## - MAIN ENTRY--PERSONAL NAME | |
| Personal name | Pānasē S. |
| 9 (RLIN) | 217326 |
| 245 ## - TITLE STATEMENT | |
| Title | आधुनिक महाराष्ट्राची जडणघडण शिल्पकार चरित्रकोश खंड ४: न्यायपालिका, प्रशासन आणि संरक्षण |
| 250 ## - EDITION STATEMENT | |
| Edition statement | 1st |
| 260 ## - PUBLICATION, DISTRIBUTION, ETC. (IMPRINT) | |
| Name of publisher, distributor, etc. | Saptahik Vivek Hindusthan Prakashan Samstha |
| Date of publication, distribution, etc. | 2011 |
| 942 ## - ADDED ENTRY ELEMENTS (KOHA) | |
| Koha item type | Article |
| Withdrawn status | Lost status | Source of classification or shelving scheme | Damaged status | Not for loan | Home library | Current library | Date acquired | Vendor | Cost, normal purchase price | Total Checkouts | Full call number | Barcode | Date last seen | Cost, replacement price | Bill Date | Koha item type |
|---|---|---|---|---|---|---|---|---|---|---|---|---|---|---|---|---|
| Dewey Decimal Classification | Cummins College of Engineering for Women Pune | Cummins College of Engineering for Women Pune | 28/02/2026 | 223 | 375.00 | 730.92 PAN | CCEP-BK-70465 | 28/02/2026 | 375.00 | 28/02/2026 | Books |